[Event "ROM-chT"]
[Site "Mamaia"]
[Date "2019.09.22"]
[Round "2.5"]
[White "Barzanu, Iulian"]
[Black "Dicu, Razvan Stefan"]
[Result "1/2-1/2"]
[WhiteElo "2187"]
[BlackElo "2291"]
[PlyCount "146"]
[EventDate "2019.09.21"]
[EventType "team-tourn"]
[EventRounds "9"]
[EventCountry "ROU"]
[SourceTitle "EXT 2020"]
[Source "ChessBase"]
[SourceDate "2019.10.17"]
[SourceVersion "1"]
[SourceVersionDate "2019.10.17"]
[SourceQuality "1"]
[WhiteTeam "Craiova Oltenia"]
[BlackTeam "Otopeni"]
[WhiteTeamCountry "ROU"]
[BlackTeamCountry "ROU"]

1. g3 Nf6 2. Bg2 d5 3. d4 c6 4. Nf3 Bf5 5. 0-0 e6 6. c4 Nbd7 7. b3 Bd6 8. Bb2 Qb8 9. Nc3 b5 10. cxb5 cxb5 11. Nh4 Bg4 12. Qd3 g5 13. Nf3 b4 14. Nb5 Be7 15. Rac1 Bf5 16. Nc7+ Qxc7 17. Rxc7 Bxd3 18. exd3 Bd8 19. Rc2 g4 20. Ne5 Nxe5 21. dxe5 Nd7 22. Rfc1 Bg5 23. Rc8+ Ke7 24. Rxh8 Rxh8 25. Rc7 Ra8 26. Bf1 a5 27. a4 bxa3 28. Bxa3+ Kd8 29. Bd6 Be7 30. d4 Bxd6 31. exd6 Rb8 32. Ba6 e5 33. dxe5 Nxe5 34. Bb7 Nf3+ 35. Kf1 Nd2+ 36. Ke1 Ne4 37. Rxf7 Nxd6 38. Rf8+ Ne8 39. Bxd5 Ke7 40. Rf7+ Kd6 41. Bc4 Kc5 42. Rf5+ Kb4 43. Rf4 Nd6 44. Be6+ Kc3 45. Kf1 h5 46. f3 Re8 47. Bd7 Re7 48. Ba4 gxf3 49. Rxf3+ Kd4 50. Rf6 Ne4 51. Rf5 h4 52. gxh4 Re5 53. Rf4 Ke3 54. Rf8 Rh5 55. Kg2 Rxh4 56. Rf3+ Kd4 57. Rf5 Nc5 58. Kg3 Rh8 59. h4 Ne4+ 60. Kh3 Ke3 61. h5 Nd6 62. Rxa5 Kf4 63. Bd7 Rh7 64. Bg4 Rc7 65. Kh4 Rg7 66. Ra4+ Ne4 67. Rxe4+ Kxe4 68. h6 Rb7 69. Kg5 Rxb3 70. h7 Rb8 71. Be6 Rh8 72. Bg8 Rxh7 73. Bxh7+ Ke5 1/2-1/2

[Event "Arad op 12th"]
[Site "Arad"]
[Date "2019.07.27"]
[Round "5"]
[White "Dicu, Razvan Stefan"]
[Black "Fluerariu, Radu Cristian"]
[Result "1/2-1/2"]
[WhiteElo "2286"]
[BlackElo "2021"]
[PlyCount "106"]
[EventDate "2019.07.24"]
[EventType "swiss"]
[EventRounds "9"]
[EventCountry "ROU"]
[SourceTitle "CBM 191 Extra"]
[Source "ChessBase"]
[SourceDate "2019.09.30"]
[SourceVersion "1"]
[SourceVersionDate "2019.09.30"]
[SourceQuality "1"]

1. e4 d6 2. d4 g6 3. Nc3 Bg7 4. Be3 a6 5. h4 h6 6. Qd2 b5 7. 0-0-0 Bb7 8. f3 Nd7 9. Kb1 Rc8 10. d5 c5 11. dxc6 Bxc6 12. Bd4 Bxd4 13. Qxd4 Ngf6 14. Nge2 Qb6 15. Qxb6 Nxb6 16. Nd4 Bb7 17. Nb3 Rc7 18. Rd4 Nfd7 19. a4 bxa4 20. Nxa4 0-0 21. Nxb6 Nxb6 22. Rb4 Nd7 23. c3 Rb8 24. Be2 Bc8 25. Rxb8 Nxb8 26. Kc2 Kg7 27. Ra1 Kf6 28. Ra4 g5 29. hxg5+ hxg5 30. Nd2 g4 31. f4 e5 32. fxe5+ dxe5 33. Nc4 Bd7 34. Rb4 Bb5 35. Ne3 Kg5 36. Bxb5 axb5 37. Rxb5 Nd7 38. b4 Ra7 39. Ra5 Rxa5 40. bxa5 Kf4 41. Nc4 Nc5 42. Nd6 Kg3 43. Nxf7 Kxg2 44. Nxe5 g3 45. Nd3 Kf3 46. e5 Nxd3 47. a6 g2 48. a7 Ne1+ 49. Kd2 g1Q 50. a8Q+ Kf4 51. Qf8+ Ke4 52. Qa8+ Kf4 53. Qf8+ Kxe5 1/2-1/2

[Event "ROM-ch"]
[Site "Olanesti"]
[Date "2019.03.08"]
[Round "7"]
[White "Dicu, Razvan Stefan"]
[Black "Pribeanu, Mihai Dacian"]
[Result "0-1"]
[WhiteElo "2303"]
[BlackElo "2189"]
[PlyCount "36"]
[EventDate "2019.03.02"]
[EventType "swiss"]
[EventRounds "9"]
[EventCountry "ROU"]
[SourceTitle "CBM 189 Extra"]
[Source "ChessBase"]
[SourceDate "2019.06.03"]
[SourceVersion "1"]
[SourceVersionDate "2019.06.03"]
[SourceQuality "1"]

1. d4 Nf6 2. Nc3 c5 3. d5 a6 4. a4 e6 5. Bg5 h6 6. Bh4 g5 7. Bg3 Qa5 8. Be5 Bg7 9. Qd2 d6 10. Bxd6 exd5 11. e3 Nc6 12. Nge2 Be6 13. Nc1 d4 14. exd4 cxd4 15. Nb1 Qd5 16. Ba3 0-0-0 17. Nd3 Rhe8 18. Kd1 Bg4+ 0-1

[Event "ROM-ch"]
[Site "Olanesti"]
[Date "2019.03.03"]
[Round "2"]
[White "Nevednichy, Vladislav"]
[Black "Dicu, Razvan Stefan"]
[Result "1-0"]
[WhiteElo "2532"]
[BlackElo "2303"]
[PlyCount "119"]
[EventDate "2019.03.02"]
[EventType "swiss"]
[EventRounds "9"]
[EventCountry "ROU"]
[SourceTitle "CBM 189 Extra"]
[Source "ChessBase"]
[SourceDate "2019.06.03"]
[SourceVersion "1"]
[SourceVersionDate "2019.06.03"]
[SourceQuality "1"]

1. e4 c5 2. Nf3 e6 3. d4 cxd4 4. Nxd4 Nf6 5. Nc3 d6 6. g4 h6 7. h4 Nc6 8. Rg1 d5 9. exd5 Nxd5 10. Nxd5 exd5 11. Be3 Qxh4 12. Qf3 Nxd4 13. Bxd4 Qe7+ 14. Be2 Qe4 15. 0-0-0 Qxf3 16. Bxf3 Be6 17. Rge1 Kd7 18. Re3 f6 19. Red3 Be7 20. Be3 Rhd8 21. c4 Rac8 22. Bxd5 Bxd5 23. Rxd5+ Ke6 24. b3 a6 25. f4 Rxd5 26. Rxd5 Ba3+ 27. Kd2 g5 28. f5+ Ke7 29. c5 a5 30. Kd3 a4 31. Kc4 h5 32. gxh5 Rh8 33. Rd6 Rxh5 34. Re6+ Kf7 35. Bd4 axb3 36. axb3 g4 37. Rxf6+ Ke7 38. Rb6 Rxf5 39. Rxb7+ Ke6 40. Rb6+ Kd7 41. Rd6+ Kc8 42. Rc6+ Kd7 43. Ra6 Bc1 44. b4 g3 45. Ra1 Rf1 46. Ra7+ Ke6 47. Ra6+ Kf7 48. Ra2 Rh1 49. b5 Rh2 50. Ra7+ Ke6 51. Rg7 Rc2+ 52. Kb3 Rd2 53. Bc3 Rd3 54. Kc4 Rf3 55. b6 Bf4 56. Bd4 Ra3 57. Rg6+ Kf5 58. Rf6+ Ke4 59. Rxf4+ Kxf4 60. b7 1-0

[Event "ROM-chT"]
[Site "Sovata"]
[Date "2018.12.02"]
[Round "9.5"]
[White "Dicu, Razvan Stefan"]
[Black "Moldovan, Daniel"]
[Result "1/2-1/2"]
[WhiteElo "2274"]
[BlackElo "2406"]
[PlyCount "23"]
[EventDate "2018.11.24"]
[EventType "team-tourn"]
[EventRounds "9"]
[EventCountry "ROU"]
[SourceTitle "CBM 187 Extra"]
[Source "ChessBase"]
[SourceDate "2018.11.04"]
[SourceVersion "1"]
[SourceVersionDate "2018.11.04"]
[SourceQuality "1"]
[WhiteTeam "Otopeni"]
[BlackTeam "Ploiesti Universitar"]
[WhiteTeamCountry "ROU"]
[BlackTeamCountry "ROU"]

1. d4 Nf6 2. Bf4 e6 3. e3 c5 4. c3 b6 5. Nd2 Bb7 6. h3 Be7 7. Ngf3 cxd4 8. cxd4 0-0 9. Bd3 Ba6 10. Bxa6 Nxa6 11. 0-0 Nb4 12. Qb3 1/2-1/2

[Event "ROM-chT"]
[Site "Sovata"]
[Date "2018.11.26"]
[Round "3.3"]
[White "Dicu, Razvan Stefan"]
[Black "Andronescu, Madalin"]
[Result "1-0"]
[WhiteElo "2274"]
[BlackElo "2070"]
[PlyCount "173"]
[EventDate "2018.11.24"]
[EventType "team-tourn"]
[EventRounds "9"]
[EventCountry "ROU"]
[SourceTitle "CBM 187 Extra"]
[Source "ChessBase"]
[SourceDate "2018.11.04"]
[SourceVersion "1"]
[SourceVersionDate "2018.11.04"]
[SourceQuality "1"]
[WhiteTeam "Otopeni"]
[BlackTeam "Buzau Phoenix"]
[WhiteTeamCountry "ROU"]
[BlackTeamCountry "ROU"]

1. d4 Nf6 2. Nc3 d5 3. Bf4 e6 4. e3 Be7 5. Bd3 c5 6. Nb5 Na6 7. dxc5 Bxc5 8. Nf3 0-0 9. c3 Be7 10. 0-0 Bd7 11. Ne5 Be8 12. a4 Ne4 13. Bxe4 dxe4 14. Qxd8 Rxd8 15. Nc4 Nc5 16. Bc7 Rd7 17. Bd6 a6 18. Bxc5 axb5 19. Bxe7 Rxe7 20. Nd6 bxa4 21. Nxe8 Rfxe8 22. Rxa4 f5 23. Rd1 Rc7 24. h4 Kf7 25. Rd6 Kg6 26. g4 fxg4 27. Rxe4 Kh5 28. Rdd4 e5 29. Rb4 Kxh4 30. Rxg4+ Kh5 31. Rh4+ Kg6 32. Rbg4+ Kf5 33. e4+ Kf6 34. Rxh7 Rd8 35. Rh5 g6 36. Rh6 Rg7 37. Rh3 Rd2 38. b4 Rc7 39. Rhg3 Rg7 40. Rf3+ Ke6 41. Rfg3 Kf6 42. Kf1 Rg8 43. Rf3+ Ke6 44. Rh4 Rd7 45. Rh6 Rc7 46. Rg3 Kf6 47. Ke2 Rc4 48. Kd3 b5 49. Rg4 Rc7 50. Kc2 Ra7 51. Kb3 Rd7 52. Rg3 Rd2 53. Rh7 Rxf2 54. Rb7 Rf4 55. Rb6+ Kf7 56. Re3 g5 57. Rxb5 Ke6 58. Rb6+ Kf7 59. Rh3 Rh4 60. Rxh4 gxh4 61. Rh6 Rg4 62. b5 Kg7 63. Rh5 Kg6 64. Rh8 Kg7 65. Rd8 h3 66. Rd1 h2 67. Rh1 Rh4 68. c4 Kf6 69. b6 Rh7 70. c5 Ke6 71. Kc4 Kd7 72. Kd5 Rh6 73. Kxe5 Kc6 74. Kf4 Rh4+ 75. Kf5 Rh5+ 76. Kf6 Rh3 77. e5 Kb7 78. e6 Rf3+ 79. Kg7 Rg3+ 80. Kf7 Rf3+ 81. Ke8 Re3 82. e7 Rh3 83. Kd7 Rd3+ 84. Ke6 Re3+ 85. Kd5 Rxe7 86. Rxh2 Rg7 87. Ke4 1-0

[Event "ROM-chT2"]
[Site "Slanic Moldova"]
[Date "2017.10.04"]
[Round "5.4"]
[White "Itkis, Boris"]
[Black "Dicu, Razvan Stefan"]
[Result "1/2-1/2"]
[WhiteElo "2350"]
[BlackElo "2206"]
[PlyCount "182"]
[EventDate "2017.09.30"]
[EventType "team-tourn"]
[EventRounds "9"]
[EventCountry "ROU"]
[SourceTitle "CBM 181 Extra"]
[Source "ChessBase"]
[SourceDate "2017.12.12"]
[SourceVersion "1"]
[SourceVersionDate "2017.12.12"]
[SourceQuality "1"]
[WhiteTeam "Techirghiol Victoria"]
[BlackTeam "Otopeni"]
[WhiteTeamCountry "ROU"]
[BlackTeamCountry "ROU"]

1. d4 Nf6 2. c4 c6 3. Nc3 d5 4. cxd5 cxd5 5. Bf4 Nc6 6. e3 a6 7. Bd3 Bg4 8. Nge2 e6 9. 0-0 Bd6 10. Bg5 Bh5 11. f4 b5 12. Qe1 b4 13. Na4 Bg6 14. Nc1 Qa5 15. Bxf6 gxf6 16. b3 Be4 17. Rf2 Ne7 18. Rc2 Rc8 19. Rxc8+ Nxc8 20. a3 Ne7 21. Bf1 Nc6 22. Nd3 Bxd3 23. Bxd3 bxa3 24. Qxa5 Nxa5 25. Nc5 Bxc5 26. dxc5 Nxb3 27. Rxa3 Nxc5 28. Rc3 Nb7 29. Rc8+ Nd8 30. Bxa6 Kd7 31. Kf2 Re8 32. g4 Nc6 33. Rxe8 Kxe8 34. Bb5 Kd7 35. h4 Kd6 36. Bd3 h6 37. h5 Ne7 38. Bb5 e5 39. Be8 Ke6 40. f5+ Kd6 41. Bxf7 Nc6 42. e4 d4 43. Ke2 Nb4 44. Kd2 Na6 45. Bd5 Nc5 46. Kc2 Na4 47. Bb3 Nc3 48. Kd3 Ke7 49. Bc2 Nb5 50. Ba4 Nd6 51. Bb3 Nb7 52. Bc2 Nc5+ 53. Kc4 Nd7 54. Ba4 Nf8 55. Kd3 Nh7 56. Bd1 Kd6 57. Bf3 Ng5 58. Bg2 Kc5 59. Kd2 Kb4 60. Kc2 Kc4 61. Bf1+ Kc5 62. Bg2 Kc4 63. Bf1+ Kc5 64. Bg2 Kb4 65. Kd2 Ka3 66. Kd1 Kb3 67. Kd2 Kb2 68. Bh1 Nh3 69. Bf3 Kb3 70. Bg2 Nf4 71. Bf1 Kb4 72. Kc2 Kc5 73. Kd2 Kd6 74. Kc2 Kc6 75. Kd2 Kc5 76. Kc2 d3+ 77. Kc3 d2 78. Kxd2 Kd4 79. g5 fxg5 80. f6 g4 81. f7 Ne6 82. Bg2 Kc5 83. Bf1 Kd6 84. Bc4 Nf8 85. Ke3 Ke7 86. Kf2 Nh7 87. Kg3 Nf6 88. Kh4 Nxe4 89. Kxg4 Nd6 90. Ba2 Nxf7 91. Bxf7 Kxf7 1/2-1/2

[Event "Arad op 10th"]
[Site "Arad"]
[Date "2017.08.12"]
[Round "8"]
[White "Dicu, Razvan Stefan"]
[Black "Ognean, Mihnea Ionut"]
[Result "1/2-1/2"]
[WhiteElo "2251"]
[BlackElo "2136"]
[PlyCount "111"]
[EventDate "2017.08.06"]
[EventType "swiss"]
[EventRounds "9"]
[EventCountry "ROU"]
[SourceTitle "CBM 179 Extra"]
[Source "ChessBase"]
[SourceDate "2017.08.23"]
[SourceVersion "1"]
[SourceVersionDate "2017.08.23"]
[SourceQuality "1"]

1. e4 c5 2. Nf3 Nc6 3. d4 cxd4 4. Nxd4 Nf6 5. Nc3 e5 6. Ndb5 d6 7. Bg5 a6 8. Na3 b5 9. Nd5 Be7 10. Bxf6 Bxf6 11. c3 Bg5 12. Nc2 Rb8 13. a4 bxa4 14. Ncb4 Nxb4 15. Nxb4 Bd7 16. Bxa6 Qa5 17. Qd5 Bd8 18. 0-0 Qxd5 19. exd5 0-0 20. Ra2 f5 21. Bd3 e4 22. Bc2 e3 23. fxe3 Bb6 24. Bxa4 Bxe3+ 25. Kh1 Bc8 26. Nc6 Rb7 27. Bd1 f4 28. b4 Bf5 29. Bc2 Bg4 30. h3 Bh5 31. Bd1 Bf7 32. Bf3 g5 33. Rfa1 Bg6 34. Ra8 Bf5 35. Nd8 Rc7 36. Ne6 Bxe6 37. dxe6 Rxa8 38. Rxa8+ Kg7 39. h4 Kf6 40. Bg4 h6 41. Rf8+ Kg7 42. Rd8 Kf6 43. Rd7 Rxd7 44. exd7 Ke7 45. h5 Bd2 46. b5 Be3 47. c4 Bb6 48. Kh2 Kf6 49. Kh3 Ke5 50. Be2 Ba5 51. Kg4 Bb6 52. Bd3 Ba5 53. Bg6 Bb6 54. Kf3 Ba5 55. Ke2 Kd4 56. Bf7 1/2-1/2

[Event "Arad op 10th"]
[Site "Arad"]
[Date "2017.08.07"]
[Round "3"]
[White "Popa Matei, Viorel Ovidiu"]
[Black "Dicu, Razvan Stefan"]
[Result "0-1"]
[WhiteElo "2056"]
[BlackElo "2251"]
[PlyCount "102"]
[EventDate "2017.08.06"]
[EventType "swiss"]
[EventRounds "9"]
[EventCountry "ROU"]
[SourceTitle "CBM 179 Extra"]
[Source "ChessBase"]
[SourceDate "2017.08.23"]
[SourceVersion "1"]
[SourceVersionDate "2017.08.23"]
[SourceQuality "1"]

1. e4 e6 2. d4 d5 3. Nd2 c5 4. c3 Nc6 5. Ngf3 Nf6 6. e5 Nd7 7. Bd3 Qb6 8. 0-0 cxd4 9. cxd4 Nxd4 10. Nxd4 Qxd4 11. Nf3 Qb6 12. Qe2 Nc5 13. Be3 Bd7 14. b4 Qxb4 15. Rab1 Qa5 16. Bxc5 Bxc5 17. Rxb7 Bc6 18. Rb3 Ba4 19. Rb7 h6 20. Nd2 0-0 21. Nb3 Bxb3 22. Rxb3 Rab8 23. Rfb1 Rb6 24. h4 Rfb8 25. Rxb6 Rxb6 26. Rxb6 axb6 27. g3 Qc3 28. Kg2 Bd4 29. f4 Qa1 30. Kf3 h5 31. Qc2 Qh1+ 32. Qg2 Qc1 33. Qe2 g6 34. Kg2 Kg7 35. Kf3 Bb2 36. Qc2 Qh1+ 37. Qg2 Qa1 38. Qc2 Qxa2 39. Bxg6 fxg6 40. Qc7+ Kh6 41. Qd8 Qb3+ 42. Kg2 Qc2+ 43. Kh1 Qd1+ 44. Kh2 Qe2+ 45. Kh1 Bxe5 46. Qg5+ Kh7 47. fxe5 Qf1+ 48. Kh2 Qf2+ 49. Kh1 Qf5 50. Qe7+ Kh6 51. Qc7 Qh3+ 0-1

[Event "ROM-chT"]
[Site "Calimanesti Caciulata"]
[Date "2016.11.27"]
[Round "9.1"]
[White "Dicu, Razvan Stefan"]
[Black "Parligras, Mircea Emilian"]
[Result "0-1"]
[WhiteElo "2284"]
[BlackElo "2599"]
[PlyCount "144"]
[EventDate "2016.11.19"]
[EventType "team-tourn"]
[EventRounds "9"]
[EventCountry "ROU"]
[SourceTitle "CBM 175 Extra"]
[Source "ChessBase"]
[SourceDate "2016.12.12"]
[SourceVersion "1"]
[SourceVersionDate "2016.12.12"]
[SourceQuality "1"]
[WhiteTeam "Otopeni"]
[BlackTeam "Timisoara Luxten"]
[WhiteTeamCountry "ROU"]
[BlackTeamCountry "ROU"]

1. b3 e5 2. Bb2 Nc6 3. e3 Nf6 4. h3 d5 5. Bb5 Bd6 6. Nf3 Qe7 7. d4 exd4 8. Qxd4 0-0 9. Bxc6 bxc6 10. Nbd2 a5 11. Qh4 a4 12. 0-0 Re8 13. Rfe1 Bf5 14. Bxf6 Qxf6 15. Qxf6 gxf6 16. Nd4 Bd7 17. c4 Bb4 18. N4f3 Bf5 19. a3 Bc3 20. Rac1 Bb2 21. cxd5 Bxc1 22. Rxc1 axb3 23. Nxb3 cxd5 24. Rxc7 Rec8 25. Rxc8+ Bxc8 26. Nbd4 Rxa3 27. Kh2 Ra2 28. Kg3 Kf8 29. Ne1 Ba6 30. h4 Rb2 31. Nef3 Bd3 32. Ng1 Ke7 33. Nh3 Kd6 34. Nf4 Bg6 35. Nh3 Kc5 36. Nf4 Kc4 37. Nh3 Be4 38. Nf4 Rb8 39. Kh3 Rg8 40. g4 Ra8 41. Nh5 Ra6 42. Kg3 Bg6 43. Nf4 Ra1 44. Nf3 Rd1 45. g5 fxg5 46. hxg5 Kc5 47. Ne5 Kd6 48. Ng4 Rg1+ 49. Kh4 Bf5 50. Nf6 Be6 51. Nd3 Rg2 52. Ne8+ Ke7 53. Nf6 Kd8 54. Nf4 Rxf2 55. Kg3 Rf1 56. Nxh7 Ke7 57. Kg2 Re1 58. Nf6 Kd6 59. Ne8+ Ke7 60. Nc7 Rc1 61. Ncxd5+ Bxd5+ 62. Nxd5+ Ke6 63. Nf4+ Kf5 64. Nh3 Ke4 65. Kf2 Rc3 66. Kg3 Rxe3+ 67. Kg4 Ke5 68. Ng1 Re4+ 69. Kh5 Kf4 70. Kh6 Kg4 71. Kg7 Re3 72. Kf6 Kf4 0-1

[Event "ROM-chT"]
[Site "Calimanesti Caciulata"]
[Date "2016.11.23"]
[Round "5.3"]
[White "Erdos, Viktor"]
[Black "Dicu, Razvan Stefan"]
[Result "1-0"]
[WhiteElo "2585"]
[BlackElo "2284"]
[PlyCount "81"]
[EventDate "2016.11.19"]
[EventType "team-tourn"]
[EventRounds "9"]
[EventCountry "ROU"]
[SourceTitle "CBM 175 Extra"]
[Source "ChessBase"]
[SourceDate "2016.12.12"]
[SourceVersion "1"]
[SourceVersionDate "2016.12.12"]
[SourceQuality "1"]
[WhiteTeam "Baia Mare"]
[BlackTeam "Otopeni"]
[WhiteTeamCountry "ROU"]
[BlackTeamCountry "ROU"]

1. Nf3 Nf6 2. c4 b6 3. Nc3 Bb7 4. d4 e6 5. a3 d5 6. cxd5 Nxd5 7. Qc2 Be7 8. e4 Nxc3 9. bxc3 0-0 10. Bd3 c5 11. 0-0 Qc8 12. Qe2 cxd4 13. cxd4 Ba6 14. Rd1 Bxd3 15. Rxd3 Nd7 16. e5 b5 17. d5 exd5 18. Rxd5 a6 19. Bg5 Bxg5 20. Nxg5 h6 21. Ne4 Nb6 22. Rd3 Nc4 23. f4 Rd8 24. h3 Rxd3 25. Qxd3 Qd8 26. Nd6 Qb6+ 27. Kh1 Nxd6 28. exd6 Rd8 29. Rd1 Qc6 30. Qd4 Kh7 31. Qe5 Qd7 32. Qe4+ g6 33. Qd4 Qc6 34. Qf6 Rd7 35. f5 Qc2 36. fxg6+ Qxg6 37. Qd4 Qc2 38. Re1 Qg6 39. Re8 Qxd6 40. Rh8+ Kg6 41. Qg4+ 1-0

[Event "ROM-chT2"]
[Site "Mamaia"]
[Date "2015.10.11"]
[Round "9.1"]
[White "Dicu, Razvan Stefan"]
[Black "Secheres, Adrian Simion"]
[Result "1/2-1/2"]
[WhiteElo "2275"]
[BlackElo "2280"]
[PlyCount "26"]
[EventDate "2015.10.03"]
[EventType "team-tourn"]
[EventRounds "9"]
[EventCountry "ROU"]
[SourceTitle "CBM 169 Extra"]
[Source "ChessBase"]
[SourceDate "2015.12.18"]
[SourceVersion "1"]
[SourceVersionDate "2015.12.18"]
[SourceQuality "1"]
[WhiteTeam "Otopeni"]
[BlackTeam "Timisoara Sinandrei"]
[WhiteTeamCountry "ROU"]
[BlackTeamCountry "ROU"]

1. e4 e6 2. d4 d5 3. Nd2 c5 4. exd5 Qxd5 5. Ngf3 cxd4 6. Bc4 Qd6 7. 0-0 Nf6 8. Nb3 Nc6 9. Nbxd4 Nxd4 10. Qxd4 Qxd4 11. Nxd4 Bd7 12. Bf4 Rc8 13. Bb3 Bc5 1/2-1/2

[Event "ROM-chT2"]
[Site "Mamaia"]
[Date "2015.10.09"]
[Round "7.1"]
[White "Barbu, Iulian"]
[Black "Dicu, Razvan Stefan"]
[Result "1/2-1/2"]
[WhiteElo "2217"]
[BlackElo "2275"]
[PlyCount "21"]
[EventDate "2015.10.03"]
[EventType "team-tourn"]
[EventRounds "9"]
[EventCountry "ROU"]
[SourceTitle "CBM 169 Extra"]
[Source "ChessBase"]
[SourceDate "2015.12.18"]
[SourceVersion "1"]
[SourceVersionDate "2015.12.18"]
[SourceQuality "1"]
[WhiteTeam "Brasov CSU"]
[BlackTeam "Otopeni"]
[WhiteTeamCountry "ROU"]
[BlackTeamCountry "ROU"]

1. e4 c5 2. Nf3 e6 3. c3 d5 4. exd5 Qxd5 5. d4 Nf6 6. Be2 Nc6 7. 0-0 cxd4 8. Nxd4 Nxd4 9. cxd4 Be7 10. Nc3 Qd8 11. Bf3 1/2-1/2

[Event "ROM-chT2"]
[Site "Mamaia"]
[Date "2015.10.08"]
[Round "6.1"]
[White "Dicu, Razvan Stefan"]
[Black "Musat, Adrian"]
[Result "1/2-1/2"]
[WhiteElo "2275"]
[BlackElo "2405"]
[PlyCount "26"]
[EventDate "2015.10.03"]
[EventType "team-tourn"]
[EventRounds "9"]
[EventCountry "ROU"]
[SourceTitle "CBM 169 Extra"]
[Source "ChessBase"]
[SourceDate "2015.12.18"]
[SourceVersion "1"]
[SourceVersionDate "2015.12.18"]
[SourceQuality "1"]
[WhiteTeam "Otopeni"]
[BlackTeam "Craiova Oltenia"]
[WhiteTeamCountry "ROU"]
[BlackTeamCountry "ROU"]

1. e4 e5 2. Nf3 Nc6 3. Bb5 a6 4. Bxc6 dxc6 5. 0-0 f6 6. d4 exd4 7. Nxd4 c5 8. Ne2 Qxd1 9. Rxd1 Bd7 10. Bf4 0-0-0 11. Nbc3 Ne7 12. Rd2 Re8 13. Rad1 Bc6 1/2-1/2

[Event "Vienna op"]
[Site "Vienna"]
[Date "2015.08.23"]
[Round "9"]
[White "Dicu, Razvan Stefan"]
[Black "Soors, Stef"]
[Result "1/2-1/2"]
[WhiteElo "2283"]
[BlackElo "2407"]
[PlyCount "130"]
[EventDate "2015.08.15"]
[EventType "swiss"]
[EventRounds "9"]
[EventCountry "AUT"]
[SourceTitle "EXT 2016"]
[Source "ChessBase"]
[SourceDate "2015.10.08"]
[SourceVersion "1"]
[SourceVersionDate "2015.10.08"]
[SourceQuality "1"]

1. e4 c6 2. d4 d5 3. Nd2 dxe4 4. Nxe4 Bf5 5. Ng3 Bg6 6. h4 h6 7. Nf3 e6 8. h5 Bh7 9. Bd3 Bxd3 10. Qxd3 Nf6 11. Bd2 Be7 12. 0-0-0 0-0 13. Kb1 c5 14. Ne4 Nc6 15. Nxf6+ Bxf6 16. dxc5 Qxd3 17. cxd3 Rfd8 18. Be3 Rd5 19. a3 a5 20. Nd2 Rad8 21. Nc4 Bd4 22. Bxd4 Rxd4 23. Nb6 Ne5 24. Rd2 Nxd3 25. Rc2 f5 26. Rd1 e5 27. Nc4 Nxc5 28. Rxd4 exd4 29. Nxa5 d3 30. Rc1 Ne4 31. Nxb7 Rd7 32. Rc8+ Kf7 33. Rd8 Rxb7 34. Rxd3 Ke6 35. f4 Nf6 36. Re3+ Kd5 37. Re5+ Kd4 38. Rxf5 Ke4 39. Rc5 Kxf4 40. b4 Kg4 41. Kc2 Nxh5 42. b5 Nf4 43. a4 Nxg2 44. a5 Nf4 45. a6 Ra7 46. Kb3 Ne6 47. Rc4+ Kf5 48. Kb4 Ke5 49. Ka5 Kd5 50. Rc8 Nc7 51. Kb6 Nxb5 52. Rc5+ Ke4 53. Rxb5 Rxa6+ 54. Kxa6 g5 55. Rb6 h5 56. Kb5 h4 57. Rh6 Kf3 58. Kc4 Kg3 59. Kd3 g4 60. Ke2 h3 61. Kf1 Kh2 62. Rg6 g3 63. Rxg3 Kxg3 64. Kg1 h2+ 65. Kh1 Kh3 1/2-1/2

[Event "ROM-ch U20"]
[Site "Calimanesti"]
[Date "2015.04.02"]
[Round "4"]
[White "Costachi, Mihnea"]
[Black "Dicu, Razvan Stefan"]
[Result "0-1"]
[WhiteElo "2361"]
[BlackElo "2313"]
[PlyCount "112"]
[EventDate "2015.03.30"]
[EventType "tourn"]
[EventRounds "7"]
[EventCountry "ROU"]
[SourceTitle "CBM 165 Extra"]
[Source "ChessBase"]
[SourceDate "2015.04.21"]
[SourceVersion "1"]
[SourceVersionDate "2015.04.21"]
[SourceQuality "1"]

1. d4 e6 2. c4 Nf6 3. Nc3 Bb4 4. e3 b6 5. Bd3 Bb7 6. Nf3 0-0 7. 0-0 c5 8. Na4 cxd4 9. exd4 d5 10. c5 bxc5 11. dxc5 Bc6 12. Bg5 Nbd7 13. Rc1 Bxa4 14. Qxa4 Nxc5 15. Rxc5 Bxc5 16. Qh4 h6 17. Bxh6 Ne4 18. Qg4 Qf6 19. Bf4 Bd6 20. Be3 Qf5 21. Qh4 Rfe8 22. Nd4 Qf6 23. Qh5 g6 24. Qg4 Be5 25. Bxe4 Bxd4 26. Bxg6 fxg6 27. Bxd4 e5 28. Bc5 Qf5 29. Qh4 Qf4 30. Qh3 d4 31. Qb3+ Qf7 32. Qd3 Rad8 33. f3 Kg7 34. Re1 Qxa2 35. b4 Rd7 36. Re4 Qa1+ 37. Kf2 Qa2+ 38. Kg3 Qe6 39. Rg4 Rf7 40. Qe4 a6 41. Qe2 Rf4 42. h3 Qf6 43. Qd2 Rxg4+ 44. Kxg4 Qf5+ 45. Kh4 g5+ 46. Qxg5+ Qxg5+ 47. Kxg5 d3 48. Be3 Rd8 49. Bd2 Rc8 50. Kf5 Rc2 51. Be3 d2 52. Bxd2 Rxd2 53. g4 Rd4 54. h4 Rxb4 55. h5 Rf4+ 56. Kxe5 Rxf3 0-1